[Event "Sandton SWVG blitz op"]
[Site "Sandton"]
[Date "2019.05.19"]
[Round "10"]
[White "Masiya, Mfundo"]
[Black "Longano, Michael Nicholas"]
[Result "1-0"]
[WhiteElo "1803"]
[BlackElo "1926"]
[PlyCount "70"]
[EventDate "2019.05.19"]
[EventType "swiss (blitz)"]
[EventRounds "10"]
[EventCountry "RSA"]
[SourceTitle "CBM 190 Extra"]
[Source "ChessBase"]
[SourceDate "2019.07.15"]
[SourceVersion "1"]
[SourceVersionDate "2019.07.15"]
[SourceQuality "1"]

1. e4 g6 2. d4 Bg7 3. Nc3 d6 4. Be3 a6 5. a4 b6 6. Bc4 Bb7 7. Nf3 Nc6 8. 0-0 e6 9. d5 Na5 10. Ba2 exd5 11. exd5 Bc8 12. Re1 Ne7 13. Bd4 0-0 14. Bxg7 Kxg7 15. Qd4+ f6 16. b4 Nb7 17. Re2 a5 18. bxa5 Rxa5 19. Rae1 Nf5 20. Qd2 Nc5 21. Bb3 Ba6 22. Nb5 Nxb3 23. cxb3 Bxb5 24. axb5 Rf7 25. Qd3 Qd7 26. Nd4 Nxd4 27. Qxd4 Rxb5 28. b4 c5 29. dxc6 Qxc6 30. Re7 Qd5 31. Rxf7+ Kxf7 32. Qe3 Qb7 33. Qe8+ Kg7 34. Qe3 Kf7 35. Qb3+ Qd5 1-0

[Event "Sandton SWVG blitz op"]
[Site "Sandton"]
[Date "2019.05.19"]
[Round "8"]
[White "Mbedza, Richard"]
[Black "Longano, Michael Nicholas"]
[Result "1/2-1/2"]
[WhiteElo "2042"]
[BlackElo "1926"]
[PlyCount "59"]
[EventDate "2019.05.19"]
[EventType "swiss (blitz)"]
[EventRounds "10"]
[EventCountry "RSA"]
[SourceTitle "CBM 190 Extra"]
[Source "ChessBase"]
[SourceDate "2019.07.15"]
[SourceVersion "1"]
[SourceVersionDate "2019.07.15"]
[SourceQuality "1"]

1. e4 g6 2. d3 Bg7 3. f4 e6 4. Nf3 d5 5. e5 Ne7 6. Be2 c5 7. c3 Nbc6 8. 0-0 h5 9. Be3 b6 10. Na3 Bb7 11. d4 Nf5 12. Bf2 Qe7 13. Bd3 a6 14. Qb3 c4 15. Bxc4 dxc4 16. Qxb6 0-0 17. Nxc4 Rab8 18. Qc5 Rfd8 19. Rad1 Bf8 20. Qxe7 Nfxe7 21. Rc1 Nd5 22. g3 a5 23. Ng5 Ba6 24. b3 Bxc4 25. bxc4 Nb6 26. c5 Nc4 27. Ne4 Rb2 28. Nf6+ Kg7 29. Ne4 Nd2 30. Nd6 1/2-1/2

[Event "Johannesburg Sandton op"]
[Site "Johannesburg"]
[Date "2018.05.19"]
[Round "2"]
[White "Longano, Michael Nicholas"]
[Black "Makoto, Rodwell"]
[Result "0-1"]
[WhiteElo "2009"]
[BlackElo "2403"]
[PlyCount "86"]
[EventDate "2018.05.19"]
[EventType "swiss"]
[EventRounds "10"]
[EventCountry "RSA"]
[SourceTitle "CBM 184 Extra"]
[Source "ChessBase"]
[SourceDate "2018.06.28"]
[SourceVersion "1"]
[SourceVersionDate "2018.06.28"]
[SourceQuality "1"]

1. d4 Nf6 2. c4 g6 3. Nc3 Bg7 4. e4 d6 5. Nf3 0-0 6. Be2 e5 7. 0-0 Nc6 8. d5 Ne7 9. Ne1 Ne8 10. Nd3 f5 11. f3 f4 12. c5 g5 13. Bd2 Rf6 14. Rc1 Rh6 15. a4 a6 16. a5 Nf6 17. Nf2 dxc5 18. Na4 b6 19. b4 cxb4 20. Bxb4 Ne8 21. axb6 cxb6 22. d6 Nxd6 23. Qb3+ Be6 24. Qa3 Nb5 25. Bxb5 axb5 26. Bxe7 Qe8 27. Bxg5 Rg6 28. Qe7 Qxe7 29. Bxe7 bxa4 30. Nd3 b5 31. Rfd1 Bb3 32. Rd2 Re6 33. Ba3 Rd8 34. Nxe5 Rxd2 35. Rc8+ Bf8 36. Bxf8 Rxe5 37. Bd6+ Kf7 38. Bxe5 a3 39. Rc1 a2 40. Bxf4 Rb2 41. Rc7+ Ke6 42. Rc6+ Kd7 43. Rd6+ Ke7 0-1

[Event "Johannesburg PSS Prestige op"]
[Site "Johannesburg"]
[Date "2017.04.22"]
[Round "4"]
[White "Longano, Michael Nicholas"]
[Black "Klaver, Cornelis"]
[Result "1/2-1/2"]
[WhiteElo "2006"]
[BlackElo "2117"]
[PlyCount "44"]
[EventDate "2017.04.22"]
[EventType "swiss (rapid)"]
[EventRounds "10"]
[EventCountry "RSA"]
[SourceTitle "CBM 177 Extra"]
[Source "ChessBase"]
[SourceDate "2017.04.27"]
[SourceVersion "1"]
[SourceVersionDate "2017.04.27"]
[SourceQuality "1"]

1. b3 e5 2. Bb2 d6 3. e3 Nf6 4. g3 g6 5. Bg2 Bg7 6. Ne2 0-0 7. c4 Nc6 8. Nbc3 a6 9. 0-0 Bf5 10. e4 Bg4 11. h3 Bd7 12. d4 exd4 13. Nxd4 Nxd4 14. Qxd4 Bc6 15. Nd5 Nh5 16. Qd2 Bxd5 17. cxd5 Bxb2 18. Qxb2 Qf6 19. Qxf6 Nxf6 20. Rac1 Rac8 21. f4 Rfe8 22. Rfe1 Re7 1/2-1/2

[Event "Johannesburg PSS Prestige op"]
[Site "Johannesburg"]
[Date "2017.04.22"]
[Round "5"]
[White "Mosetlhe, Kgaugelo"]
[Black "Longano, Michael Nicholas"]
[Result "1/2-1/2"]
[WhiteElo "2162"]
[BlackElo "2006"]
[PlyCount "58"]
[EventDate "2017.04.22"]
[EventType "swiss (rapid)"]
[EventRounds "10"]
[EventCountry "RSA"]
[SourceTitle "CBM 177 Extra"]
[Source "ChessBase"]
[SourceDate "2017.04.27"]
[SourceVersion "1"]
[SourceVersionDate "2017.04.27"]
[SourceQuality "1"]

1. Nf3 g6 2. c4 Bg7 3. d4 d6 4. Nc3 e5 5. e4 exd4 6. Nxd4 Ne7 7. Be2 Nbc6 8. Be3 0-0 9. 0-0 f5 10. exf5 Bxd4 11. Bxd4 Nxf5 12. Be3 Nxe3 13. fxe3 Be6 14. b3 Qe7 15. Qd2 Ne5 16. e4 Kg7 17. Rae1 a6 18. Qd4 Rxf1+ 19. Rxf1 Rf8 20. Rxf8 Qxf8 21. c5 Qf6 22. Qe3 dxc5 23. Qxc5 Nc6 24. Bxa6 bxa6 25. Qxc6 Qd4+ 26. Kh1 Qf2 27. Qxc7+ Kh6 28. h3 Bxh3 29. gxh3 Qf1+ 1/2-1/2

[Event "Johannesburg Redpath op"]
[Site "Johannesburg"]
[Date "2016.07.15"]
[Round "5"]
[White "Wilken, Justin Barend"]
[Black "Longano, Michael Nicholas"]
[Result "1-0"]
[WhiteElo "1854"]
[BlackElo "2042"]
[PlyCount "69"]
[EventDate "2016.07.13"]
[EventType "swiss"]
[EventRounds "9"]
[EventCountry "RSA"]
[SourceTitle "CBM 173 Extra"]
[Source "ChessBase"]
[SourceDate "2016.08.29"]
[SourceVersion "1"]
[SourceVersionDate "2016.08.29"]
[SourceQuality "1"]

1. d4 g6 2. Nf3 Bg7 3. g3 d6 4. Bg2 Nd7 5. Nc3 e5 6. e4 Ne7 7. Be3 0-0 8. Qd2 exd4 9. Bxd4 Nf6 10. h3 Nc6 11. Be3 Re8 12. Nh4 Na5 13. b3 Bd7 14. 0-0 Nc6 15. Rae1 a5 16. Kh2 Ne7 17. f4 Bc6 18. Bf3 d5 19. e5 Ne4 20. Qd4 h6 21. Rd1 g5 22. fxg5 hxg5 23. Bxe4 gxh4 24. Bd3 hxg3+ 25. Kg1 Ng6 26. Rxf7 Kxf7 27. Rf1+ Kg8 28. Bxg6 Rxe5 29. Bf7+ Kh8 30. Rf4 Re4 31. Qd1 Re5 32. Qg4 Be8 33. Bd4 Re1+ 34. Kg2 Bxd4 35. Qg8# 1-0

[Event "Johannesburg Tsogo Sun op"]
[Site "Johannesburg"]
[Date "2015.07.19"]
[Round "8"]
[White "Longano, Michael Nicholas"]
[Black "Bwalya, Gillan"]
[Result "1/2-1/2"]
[WhiteElo "2046"]
[BlackElo "2337"]
[PlyCount "123"]
[EventDate "2015.07.15"]
[EventType "swiss"]
[EventRounds "9"]
[EventCountry "RSA"]
[SourceTitle "CBM 167 Extra"]
[Source "ChessBase"]
[SourceDate "2015.09.14"]
[SourceVersion "1"]
[SourceVersionDate "2015.09.14"]
[SourceQuality "1"]

1. e4 c5 2. Nf3 e6 3. d3 Nc6 4. g3 d5 5. Qe2 Nge7 6. Bg2 g6 7. h4 h6 8. 0-0 Bg7 9. c3 0-0 10. Re1 e5 11. Nbd2 b6 12. exd5 Nxd5 13. Nc4 Re8 14. Nh2 b5 15. Ne3 Be6 16. Nhg4 Nde7 17. a4 a6 18. axb5 axb5 19. Rxa8 Qxa8 20. Nc2 h5 21. Nh2 Qa4 22. Bg5 Qb3 23. Bxe7 Nxe7 24. Ne3 b4 25. Rc1 Bh6 26. g4 hxg4 27. Nhxg4 Bxg4 28. Nxg4 Bxc1 29. Nf6+ Kf8 30. Qxe5 Qe6 31. Nh7+ Kg8 32. Nf6+ Kh8 33. Qxe6 fxe6 34. Nxe8 Bxb2 35. cxb4 cxb4 36. Bf3 Be5 37. Bd1 Kg8 38. d4 Kf8 39. dxe5 Kxe8 40. h5 gxh5 41. Bxh5+ Kd7 42. Kf1 b3 43. Bd1 b2 44. Bc2 Kc6 45. Ke2 Nd5 46. Kd2 Kc5 47. f4 Nxf4 48. Kc3 Kd5 49. Kxb2 Kxe5 50. Kc3 Nd5+ 51. Kd2 Kd4 52. Bb3 e5 53. Bxd5 Kxd5 54. Kd3 Ke6 55. Ke4 Kf6 56. Ke3 Kf5 57. Kf3 e4+ 58. Ke3 Ke5 59. Ke2 Kf4 60. Kf2 e3+ 61. Ke2 Ke4 62. Ke1 1/2-1/2

[Event "Johannesburg Tsogo Sun op"]
[Site "Johannesburg"]
[Date "2015.07.18"]
[Round "7"]
[White "Modi, Yashil"]
[Black "Longano, Michael Nicholas"]
[Result "0-1"]
[WhiteElo "1576"]
[BlackElo "2046"]
[PlyCount "83"]
[EventDate "2015.07.15"]
[EventType "swiss"]
[EventRounds "9"]
[EventCountry "RSA"]
[SourceTitle "CBM 167 Extra"]
[Source "ChessBase"]
[SourceDate "2015.09.14"]
[SourceVersion "1"]
[SourceVersionDate "2015.09.14"]
[SourceQuality "1"]

1. d4 f5 2. c4 Nf6 3. Nc3 d6 4. Bg5 Nbd7 5. d5 h6 6. Bxf6 Nxf6 7. g3 e5 8. Bg2 g5 9. e4 f4 10. Nf3 g4 11. Nd2 h5 12. Bf1 Bh6 13. b4 0-0 14. Bd3 Nh7 15. Qe2 Ng5 16. h4 gxh3 17. Qxh5 Qf6 18. g4 Bd7 19. f3 Rf7 20. Qh4 Rh7 21. Qf2 Bf8 22. Rh2 Nf7 23. Bf1 Ng5 24. a3 Be7 25. Kd1 Qh8 26. Kc2 Nf7 27. Qg1 Ng5 28. Qf2 Qf6 29. Be2 c6 30. Kb2 Bd8 31. Rah1 Bb6 32. Qe1 a5 33. Kb3 axb4 34. axb4 Bd4 35. Qc1 Qd8 36. Qb2 b5 37. Bf1 Qb6 38. Bxh3 Bg1 39. Rxg1 Qxg1 40. Nf1 Rxh3 41. Ne2 Qxf1 42. Ng1 0-1

[Event "South African op"]
[Site "Cape Town"]
[Date "2015.07.09"]
[Round "9"]
[White "Qobo, Lulama T"]
[Black "Longano, Michael Nicholas"]
[Result "1/2-1/2"]
[WhiteElo "1813"]
[BlackElo "2046"]
[PlyCount "134"]
[EventDate "2015.07.03"]
[EventType "swiss"]
[EventRounds "11"]
[EventCountry "RSA"]
[SourceTitle "CBM 167 Extra"]
[Source "ChessBase"]
[SourceDate "2015.09.14"]
[SourceVersion "1"]
[SourceVersionDate "2015.09.14"]
[SourceQuality "1"]

1. d4 f5 2. g3 Nf6 3. c4 g6 4. Bg2 Bg7 5. Nf3 0-0 6. b4 d6 7. Bb2 e5 8. dxe5 Ng4 9. 0-0 Nc6 10. Qb3 Ngxe5 11. c5+ Kh8 12. Rd1 Qf6 13. Nxe5 dxe5 14. Nc3 Be6 15. Qa4 e4 16. Rd2 Ne5 17. Nb5 Qe7 18. Rad1 a6 19. Na3 Rad8 20. Qc2 Kg8 21. Bc3 Bf6 22. Qb2 Rxd2 23. Qxd2 Qg7 24. Nb1 Rd8 25. Qc2 Rxd1+ 26. Qxd1 Bxa2 27. Qc2 Bd5 28. Qb2 Kf7 29. Bf1 Nc4 30. Qc1 Ke6 31. e3 Ne5 32. Be2 Qd7 33. Kg2 Qa4 34. Na3 Qb3 35. Bd1 Qa2 36. Nc2 Nd3 37. Qd2 Bb3 38. Bxf6 Kxf6 39. Qc3+ Kf7 40. b5 axb5 41. Qh8 Bxc2 42. Qxh7+ Kf6 43. Qh8+ Ke7 44. Qh7+ Qf7 45. Qh4+ Qf6 46. Qh7+ Qf7 47. Qh4+ Ke6 48. Bxc2 Ne1+ 49. Kf1 Nxc2 50. Qd8 Qe7 51. Qg8+ Kd7 52. Qxg6 Qe6 53. Qg7+ Kc6 54. h4 Qd5 55. Kg2 Ne1+ 56. Kh3 Nd3 57. Kg2 Ne1+ 58. Kh3 Nd3 59. Kg2 Qe5 60. Qg6+ Kxc5 61. h5 b4 62. h6 b3 63. Qg7 b2 64. Qf8+ Kb6 65. h7 b1R 66. h8Q Qxh8 67. Qxh8 Rb2 1/2-1/2

[Event "South African op"]
[Site "Cape Town"]
[Date "2015.07.08"]
[Round "8"]
[White "Longano, Michael Nicholas"]
[Black "Van den Heever, Donovan"]
[Result "0-1"]
[WhiteElo "2046"]
[BlackElo "2254"]
[PlyCount "98"]
[EventDate "2015.07.03"]
[EventType "swiss"]
[EventRounds "11"]
[EventCountry "RSA"]
[SourceTitle "CBM 167 Extra"]
[Source "ChessBase"]
[SourceDate "2015.09.14"]
[SourceVersion "1"]
[SourceVersionDate "2015.09.14"]
[SourceQuality "1"]

1. e4 c5 2. Nf3 d6 3. d4 cxd4 4. Nxd4 Nf6 5. Nc3 Nc6 6. Bg5 e6 7. Qd2 a6 8. 0-0-0 Bd7 9. f4 b5 10. Bxf6 gxf6 11. Kb1 Qb6 12. g3 Qxd4 13. Qxd4 Nxd4 14. Rxd4 Bc6 15. Bh3 Rb8 16. Re1 Be7 17. f5 b4 18. Nd1 e5 19. Rd2 0-0 20. Bf1 Rfd8 21. Bc4 Bf8 22. Nf2 a5 23. Red1 Rbc8 24. Bd5 Bh6 25. Re2 Bb5 26. Ree1 Kf8 27. h4 Ke7 28. Ng4 Bg7 29. Rd2 h5 30. Ne3 Bh6 31. Rg2 Rg8 32. Nd1 Rg7 33. b3 Rcg8 34. Reg1 Bf4 35. c4 Be8 36. g4 Rxg4 37. Rxg4 Rxg4 38. Rxg4 hxg4 39. Nf2 g3 40. Nh3 g2 41. Kc2 Be3 42. Kd3 g1Q 43. Nxg1 Bxg1 44. Ke2 Bh2 45. Bb7 Bg3 46. h5 Bf4 47. Bd5 Kf8 48. Kf3 Ke7 49. Ke2 Kd8 0-1

[Event "South African op"]
[Site "Cape Town"]
[Date "2015.07.04"]
[Round "2"]
[White "Strikovic, Aleksa"]
[Black "Longano, Michael Nicholas"]
[Result "1-0"]
[WhiteElo "2495"]
[BlackElo "2046"]
[PlyCount "83"]
[EventDate "2015.07.03"]
[EventType "swiss"]
[EventRounds "11"]
[EventCountry "RSA"]
[SourceTitle "CBM 167 Extra"]
[Source "ChessBase"]
[SourceDate "2015.09.14"]
[SourceVersion "1"]
[SourceVersionDate "2015.09.14"]
[SourceQuality "1"]

1. c4 Nf6 2. Nc3 e5 3. Nf3 Nc6 4. g3 d5 5. cxd5 Nxd5 6. Bg2 Nb6 7. 0-0 Be7 8. d3 0-0 9. a3 Re8 10. b4 Bf8 11. Bb2 a5 12. b5 Nd4 13. Nd2 Ne6 14. Rc1 a4 15. Rb1 h5 16. Nf3 Nd4 17. e3 Nf5 18. Ne4 f6 19. Nfd2 g6 20. Qc2 Nd5 21. Rfc1 Be6 22. Nc5 Bxc5 23. Qxc5 b6 24. Qc6 Kf7 25. Qc2 Nd6 26. Ba1 Ra5 27. Nc4 Nxc4 28. dxc4 Ne7 29. Rd1 Qc8 30. Bc3 Ra7 31. Bb4 Bf5 32. e4 Be6 33. f4 c5 34. Bc3 Bxc4 35. fxe5 f5 36. Rd6 Be6 37. Rxb6 fxe4 38. Bxe4 Nf5 39. Rc6 Rc7 40. Qxa4 Rd8 41. Rxc7+ Qxc7 42. b6 1-0

[Event "South African op"]
[Site "Cape Town"]
[Date "2015.07.03"]
[Round "1"]
[White "Longano, Michael Nicholas"]
[Black "Zuma, Mbusiswa"]
[Result "1-0"]
[WhiteElo "2046"]
[BlackElo "1759"]
[PlyCount "71"]
[EventDate "2015.07.03"]
[EventType "swiss"]
[EventRounds "11"]
[EventCountry "RSA"]
[SourceTitle "CBM 167 Extra"]
[Source "ChessBase"]
[SourceDate "2015.09.14"]
[SourceVersion "1"]
[SourceVersionDate "2015.09.14"]
[SourceQuality "1"]

1. g3 e5 2. c4 Bc5 3. Bg2 Nc6 4. Nc3 a6 5. Nf3 Nf6 6. 0-0 0-0 7. d3 Be7 8. a3 d6 9. b4 Be6 10. Bb2 Qc8 11. Re1 Bh3 12. Bh1 Nd8 13. Qc2 Bf5 14. Rac1 c6 15. c5 dxc5 16. Na4 e4 17. Nb6 Qb8 18. Nh4 Bg6 19. bxc5 Ra7 20. Bxf6 Bxf6 21. Nxg6 hxg6 22. Nd7 Qc8 23. Nxf8 e3 24. Nxg6 exf2+ 25. Kxf2 fxg6 26. e3 Ra8 27. d4 Nf7 28. Qxg6 Qe6 29. Qd3 Rf8 30. Kg1 Re8 31. d5 Qe5 32. dxc6 bxc6 33. Bxc6 Rd8 34. Qe2 Qb2 35. Be4 Kf8 36. c6 1-0